000
00338nam a2200145Ia 4500
005
20251222152042.0
008
251222s9999||||xx |||||||||||||| ||spa||
020
_a
8471142554
082
_a
633.208/R93
100
_a
Ruiz Altisent, M.
245
0
_a
Producción de Forraje
250
_a
4ta.ed.
264
_b
Mundi Prensa
942
_c
LIB
999
_c
26068
_d
26068